000 00363nam a2200133Ia 4500
005 20260328101505.0
008 260328s9999||||xx |||||||||||||| ||und||
100 _aCorsellis, Tom
245 0 _aTransitional settlement disPlaced populations /
_cTom Corsellis
260 _bUniversity of Cambridge
300 _a464 p.
650 _aVIVIENDA ECONÓMICA
942 _cBK
999 _c8998
_d8998